| 000 | 00447nam a2200169Ia 4500 | ||
|---|---|---|---|
| 003 | LK-CoDNM | ||
| 005 | 20240729113814.0 | ||
| 008 | 010623t1920 xxu||||| |||| 00| 1 eng d | ||
| 040 |
_aLK-CoDNM _dLK-CoDNM _eLK-CoDNM |
||
| 041 | _aeng | ||
| 080 |
_a14 _bP14 |
||
| 100 | _aLongton,Mary Beach. | ||
| 245 | _aHow to know oriental Rugs | ||
| 260 |
_bD.Application and Company _aNew York,London _c1920 |
||
| 300 | _b244p. : ILL ; 19 cm | ||
| 942 | _cBK | ||
| 999 |
_c89993 _d89993 |
||